Every single Radiohead Song - Statistics

General Stats
  • This quiz has been taken 50 times
    47 since last reset
  • The average score is 101 of 234
Answer Stats
Hint Answer % Correct
Creep EP | Pablo Honey Creep
100%
Just | The Bends Just
100%
Karma Police | OK Computer Karma Police
100%
Fake Plastic Trees | The Bends Fake Plastic Trees
96%
No Surprises | OK Computer No Surprises
96%
High & Dry/Planet Telex | The Bends High and Dry
92%
Kid A Kid A
92%
OK Computer | Paranoid Android Let Down
92%
My Iron Lung | The Bends My Iron Lung
92%
OK Computer | Paranoid Android Paranoid Android
92%
Anyone Can Play Guitar | Pablo Honey Anyone Can Play Guitar
88%
OK Computer Exit Music (For A Film)
88%
The Bends The Bends
88%
Amnesiac Knives Out
84%
Knives out Knives out
84%
Kid A Everything In Its Right Place
80%
In Rainbows Jigsaw Falling Into Place
80%
High & Dry/Planet Telex | The Bends Planet Telex
80%
Amnesiac Morning Bell/Amnesiac
76%
Kid A Motion Picture Soundtrack
76%
Amnesiac | Pyramid Song Pyramid Song
76%
Street Spirit(Fade Out) | The Bends Street Spirit(Fade Out)
76%
In Rainbows All I Need
72%
In Rainbows Nude
72%
In Rainbows Weird Fishes / Arpeggi
72%
Drill EP | Pablo Honey You
72%
OK Computer Climbing Up the Walls
68%
The Bends (Nice Dream)
68%
OK Computer Subterranean Homesick Alien
68%
Hail To The Thief 2 + 2 = 5
64%
Kid A How To Disappear Completely
64%
OK Computer Lucky
64%
OK Computer The Tourist
64%
In Rainbows Videotape
64%
OK Computer Airbag
60%
The Bends Black Star
60%
Pablo Honey Blow out
60%
In Rainbows Bodysnatchers
60%
The Bends Bullet Proof...I Wish I Was
60%
OK Computer Electioneering
60%
OK Computer Fitter Happier
60%
In Rainbows House Of Cards
60%
Kid A Idioteque
60%
OKNOTOK Lift
60%
In Rainbows Reckoner
60%
In Rainbows 15 Step
56%
Hail To The Thief A Wolf At the Door
56%
OKNOTOK Man of War
56%
Kid A The National Anthem
56%
A Moon Shaped Pool Burn The Witch
52%
Kid A In Limbo
52%
The King Of Limbs Lotus Flower
52%
The Bends Sulk
52%
Street Spirit(Fade Out) Talk Show Host
52%
Hail To The Thief There, There
52%
Kid A Treefingers
52%
A Moon Shaped Pool True Love Waits
52%
Kid A Untitled
52%
Pablo Honey Vegetable
52%
The Bends Bones
48%
A Moon Shaped Pool Daydreaming
48%
In Rainbows Faust Arp
48%
Fake Plastic Trees India Rubber
48%
Kid A Morning Bell
48%
Hail To The Thief Myxomatosis
48%
Kid A Optimistic
48%
Hail To The Thief Sail To The Moon
48%
Hail To The Thief Scatterbrain
48%
Hail To The Thief The Gloaming
48%
Drill EP Thinking About You
48%
Pablo Honey Thinking about you
48%
Amnesiac You And Whose Army?
48%
The King Of Limbs Bloom
44%
The King Of Limbs Codex
44%
Pablo Honey How do You?
44%
Amnesiac Hunting Bears
44%
Hail To The Thief I Will
44%
Pablo Honey Lurgee
44%
A Moon Shaped Pool Present Tense
44%
Hail To The Thief Sit Down. Stand Up
44%
Pablo Honey Stop Whispering
44%
A Moon Shaped Pool The Numbers
44%
Hail To The Thief We Suck Young Blood
44%
Hail To The Thief A Punch Up at a Wedding
40%
In Rainbows(Disk 2) Bangers + Mash
40%
Amnesiac Dollars and Cents
40%
A Moon Shaped Pool Glass Eyes
40%
In Rainbows(Disk 2) Go Slowly
40%
Fake Plastic Trees How Can You Be Sure?
40%
KID A MNESIA How To Disappear Into Strings
40%
Pablo Honey I Can't
40%
Amnesiac I Might Be Wrong
40%
High & Dry/Planet Telex Killer Cars
40%
In Rainbows(Disk 2) Last Flowers
40%
Amnesiac Life In a Glasshouse
40%
Amnesiac Like Spinning Plates
40%
In Rainbows(Disk 2) MK 2
40%
The King Of Limbs Morning Mr Magpie
40%
Amnesiac Packt Like Sardines In a Crushd Tin Box
40%
Drill EP | Pablo Honey Prove Yourself
40%
Pablo Honey Ripcord
40%
The King Of Limbs Separator
40%
Drill EP Stupid Car
40%
A Moon Shaped Pool Tinker Tailor
40%
Hail To The Thief Where I End and You Begin
40%
Street Spirit(Fade Out) Banana Co
36%
Anyone Can Play Guitar Coke Babies
36%
Creep EP Creep - Acoustic
36%
A Moon Shaped Pool Decks Dark
36%
A Moon Shaped Pool Desert Island Disk
36%
Anyone Can Play Guitar Faithless the Wonder Boy
36%
The King Of Limbs Feral
36%
A Moon Shaped Pool Ful Stop
36%
The King Of Limbs Give Up The Ghost
36%
The King Of Limbs Little By Little
36%
Karma Police Lull
36%
In Rainbows(Disk 2) MK 1
36%
Unreleased Pop is Dead
36%
Amnesiac Pulk/Pull Revolving Doors
36%
KID A MNESIA Pulk/Pull - True Love Waits Version
36%
Hail To The Thief Backdrifts
32%
Hail To The Thief Go To Sleep
32%
No Surprises How I Made My Millions
32%
A Moon Shaped Pool Identikit
32%
OKNOTOK I Promise
32%
My Iron Lung Lozenge of Love
32%
High & Dry/Planet Telex Maquiladora
32%
Creep EP Million Dollar Question
32%
No Surprises Palo Alto
32%
Paranoid Android Pearly
32%
Single Spectre
32%
My Iron Lung The Trickster
32%
Street Spirit(Fade Out) Bishop's Robes
28%
In Rainbows(Disk 2) Down Is The New Up
28%
Pyramid Song Fast-Track
28%
Knives out Fog
28%
Com Lag: 2 + 2 = 5 Gagging Order
28%
Single Harry Patch(In Memory Of)
28%
Paranoid Android Melatonin
28%
My Iron Lung Punchdrunk Lovesick Singalong
28%
KID A MNESIA Pyramid Strings
28%
Single Staircase
28%
Single The Daily Mail
28%
KID A MNESIA Untitled v2
28%
KID A MNESIA Untitled v3
28%
In Rainbows(Disk 2) Up On The Ladder
28%
Com Lag: 2 + 2 = 5 Where Bluebirds Fly
28%
In Rainbows(Disk 2) 4 Minute Warning
24%
TKOL RMX 1234567 Bloom - Jamie xx Rework
24%
Com Lag: 2 + 2 = 5 Fog(Again)
24%
Com Lag: 2 + 2 = 5 I Am a Wicked Child
24%
Com Lag: 2 + 2 = 5 I Am Citizen Insane
24%
KID A MNESIA If You Say The Word
24%
Single Ill Wind
24%
Creep EP Inside My Head
24%
Single I Want None of This
24%
Just Killer Cars - Mogadon Version
24%
My Iron Lung Lewis (Mistreated)
24%
Karma Police Meeting In the Aisle
24%
Street Spirit(Fade Out) Molasses
24%
Paranoid Android Polyethylene (Parts 1&2)
24%
Com Lag: 2 + 2 = 5 Remyxomatosis
24%
Single Supercollider
24%
Single The Butcher
24%
Single Treefingers - Extended Version
24%
My Iron Lung You Never Wash Up After Yourself
24%
KID A MNESIA Alt. Fast Track
20%
Paranoid Android A Reminder
20%
TKOL RMX 1234567 Codex(Illum Sphere)
20%
Knives out Cuttooth
20%
KID A MNESIA Fog - Again Again Version
20%
KID A MNESIA Follow Me Around
20%
Com Lag: 2 + 2 = 5 I Will - Los Angeles Version
20%
Knives out Life In a Glasshouse - Full Length
20%
KID A MNESIA Like Spinning Plates - Why Us? Version
20%
TKOL RMX 1234567 Little By Little - Caribou Rmx
20%
TKOL RMX 1234567 Little By Little(Shed)
20%
TKOL RMX 1234567 Lotus Flower - Jacques Greene Rmx
20%
Com Lag: 2 + 2 = 5 Paperbag Writer
20%
My Iron Lung Permanent Daylight
20%
Pyramid Song The Amazing Sounds of Orgy
20%
KID A MNESIA The Morning Bell - In the Dark Version
20%
Single These Are My Twisted Words
20%
KID A MNESIA Untitled v1
20%
Knives out Worrywort
20%
Creep EP Yes I Am
20%
TKOL RMX 1234567 Bloom - Blawan Rmx
16%
TKOL RMX 1234567 Bloom - Harmonic 313 Rmx
16%
TKOL RMX 8 Bloom - Jamie xx Rework Part 3
16%
Creep EP Blow out - Remix
16%
Karma Police Climbing up the Walls - Fila Brazillia Mix
16%
Karma Police Climbing up the Walls - Zero 7 Mix
16%
TKOL RMX 1234567 Feral - Lone RMX
16%
TKOL RMX 1234567 Give Up The Ghost - Brokenchord Rmx
16%
TKOL RMX 1234567 Good Evening Mrs Magpie - Modeselektor RMX
16%
Pyramid Song Kinetic
16%
TKOL RMX 1234567 Morning Mr Magpie - Nathan Fake Rmx
16%
High & Dry/Planet Telex Planet Telex - Hexidecimal Mix
16%
Just Planet Telex - Karma Sunra Mix
16%
High & Dry/Planet Telex Planet Telex - L.F.O DJ Mix
16%
TKOL RMX 1234567 Separator - Anstam RMX
16%
TKOL RMX 8 Separator - Anstam RMX II
16%
Com Lag: 2 + 2 = 5 Skttrbrain - Four Tet Remix
16%
Single Talk Show Host(Nellee Hooper Mix)
16%
TKOL RMX 1234567 TKOL - Altrice Rmx
16%
Pyramid Song Trans-Atlantic Drawl
16%
TKOL RMX 1234567 Bloom - Objekt RMX
12%
Unreleased Dogwander
12%
TKOL RMX 1234567 Give Up The Ghost - Thriller Houseghost Remix
12%
TKOL RMX 1234567 Lotus Flower - SBTRKT RMX
12%
TKOL RMX 8 Morning Mr Magpie - Nathan Fake Harshdub RMX
12%
TKOL RMX 1234567 Morning Mr Magpie - Pearson Sound Scavenger RMX
12%
TKOL RMX 1234567 Separator - Four Tet RMX
12%
Unreleased(The Smile) Skrting On The Surface
8%
Single The Gloaming - 33.33333 Remix
8%
Unreleased Attenzione!
4%
Unreleased Ed's Scary Song
4%
Unreleased Get Around
0%
Unreleased Poly Banter
0%
No matching quizzes found
Score Distribution
Percent of People with Each Score
Percentile by Number Answered
Your Score History
You have not taken this quiz since the last reset